000 00387nam a2200157Ia 4500
008 191201s2008 xx 000 0 und d
020 _a9788122408737
082 _a003
_bMIO
100 _aMITTAL, K.V.
245 0 _aOptimization Methods in Operation Research
250 _aRep.
260 _aN.Delhi
_bNew Age International
_c2008
300 _a385
650 _aMCA
942 _2ddc
_cBK
999 _c3794
_d3794